Estações da Linha de Guimarães - Statistics

Estatísticas Gerais
  • Esse quiz foi jogado 6 vezes
  • A pontuação média é 9 de 11
Estatísticas das Respostas
Estação % Correto
Guimarães
100%
Lordelo
100%
Nespereira
100%
Santo Tirso
100%
Vila das Aves
100%
Vizela
100%
Covas
80%
Cuca
80%
Pereirinhas
80%
Caniços
60%
Giesteira
20%
Nenhum quiz correspondente encontrado
Distribuição das Pontuações
Porcentagem de Pessoas com Cada Pontuação
Percentil de Números Respondidos
Sua Pontuação Histórica
Você não jogou esse quiz